| 000 | 01398cad a2200253 4500 | ||
|---|---|---|---|
| 001 | L158878 | ||
| 008 | 100215n2013 000 0 eng u | ||
| 020 | _a9781783210305 | ||
| 035 | _a(Sirsi) u158878 | ||
| 041 | _aeng | ||
| 100 | 1 | _aBello, Wasiu Adeniran | |
| 111 | 2 |
_aConstruction and Building Research Conference _cIIT Delhi, New Delhi _d10-12 September 2013 |
|
| 245 | 0 | 0 |
_aPerception of quality as a constraint to the implementation of quality culture in Nigeria construction industry _h[electronic resource] |
| 260 |
_aLondon _bRICS _c2013 |
||
| 490 | 0 |
_aCOBRA _v2013 |
|
| 520 | _aA paper presented at the COBRA Conference in New Delhi on 10-12 September 2013. Assesses the perception of quality and constraints in the implementation of quality culture among construction organisations in the Nigerian construction industry. The findings revealed that perception of quality and lack of standardisation were highly considered as constraints while conformance to specification, customer satisfaction, elimination of defects and meeting contract requirement were rated strongly as the perception of quality among organisations. | ||
| 650 | 2 | 4 | _aCONSTRUCTION AND BUILDING RESEARCH CONFERENCE (COBRA) |
| 650 | 2 | 4 | _aQUALITY MEASUREMENT |
| 650 | 2 | 4 | _aCONSTRUCTION STANDARDS |
| 650 | 2 | 4 | _aQUALITY ASSESSMENT |
| 651 | 4 | _aNigeria | |
| 690 |
_aConstruction management _96230 |
||
| 942 | _n0 | ||
| 999 |
_c115561 _d115561 |
||